| 000 | 02369cad a22002895a 4500 | ||
|---|---|---|---|
| 001 | E147979 | ||
| 008 | 090708s2009 stk f s000 0 eng d | ||
| 020 | _a9780755975730 | ||
| 022 | 1 | _a0141-514X | |
| 035 | _a(Sirsi) u147979 | ||
| 041 | 0 | _aeng | |
| 050 | 0 | 4 | _a711.1 $2 18 |
| 110 | 2 |
_aScotland _bScottish Government _95344 |
|
| 245 | 0 | 4 |
_aPlanning appeals _bplanning circular 6 2009 _h[electronic resource] |
| 260 |
_aEdinburgh _bScottish Government _c2009 |
||
| 490 | 0 |
_aPlanning Circular _v(6/2009) |
|
| 505 | 2 | _aIntroduction -- Scope of the regulations -- Planning appeal process: the Notice of Appeal; intimation to planning authority; planning authority response; notification to interested parties; deadlines for provision of statements and other evidence; matters which may be raised in an appeal; procedure for determination; further evidence; site inspections; pre-examination meetings; written submissions; hearing sessions; inquiry sessions; new evidence -- Appeals under Sections 130(2) enforcement notices, 169(1) tree replacement notices and 180(2) amenity notice appeals: statement of appeal; intimation to the planning authority and response ; notification to other parties -- Appeals under Section 154 Certificates of lawful use or development -- Called-in applications and non-delegated appeals -- General provisions: further copies of documents; compliance with development management procedures; appointment of assessors; decision notice; electronic communication -- Transitional provisions | |
| 520 | _aAccompanies The Town and Country Planning (Appeals) (Scotland) Regulations 2008, which sets out procedures for planning appeals within the framework provided in the primary legislation. This circular is aimed at giving overview of the new procedures for planning appeals, setting out how the requirements contained in the Planning etc. (Scotland) Act 2006 and the Regulations fit together. | ||
| 521 | _aAdvanced | ||
| 590 | _aKA | ||
| 650 | 2 | 4 | _aTOWN AND COUNTRY PLANNING (APPEALS) (SCOTLAND) REGULATIONS 2008 |
| 650 | 2 | 4 | _aPLANNING ETC. (SCOTLAND) ACT 2006 |
| 651 | 4 |
_aScotland _y1999- |
|
| 690 | _aENVIRONMENTAL AND LAND CONSULTANCY-PLANNING AND DEVELOPMENT-PLANNING GUIDANCE | ||
| 856 | 4 | 0 |
_uhttps://www.scotland.gov.uk/Publications/2009/07/03100023/0 _zView the circular free of charge at www.scotland.gov.uk... |
| 942 | _n0 | ||
| 999 |
_c109824 _d109824 |
||